Gigantamax Pokémon - Statistics

General Stats
  • This quiz has been taken 184 times
    160 since last reset
  • The average score is 24 of 33
Answer Stats
Answer % Correct
Charizard
97%
Blastoise
91%
Pikachu
90%
Venusaur
90%
Cinderace
86%
Rillaboom
86%
Butterfree
83%
Inteleon
83%
Eevee
79%
Lapras
78%
Gengar
75%
Drednaw
74%
Alcremie
73%
Meowth
72%
Duraludon
71%
Machamp
71%
Urshifu (Rapid Strike)
71%
Urshifu (Single Strike)
71%
Centiskorch
70%
Corviknight
70%
Snorlax
69%
Grimmsnarl
67%
Coalossal
66%
Garbodor
66%
Orbeetle
66%
Hatterene
63%
Toxtricity
59%
Kingler
57%
Sandaconda
56%
Flapple
54%
Appletun
53%
Copperajah
53%
Melmetal
49%
No matching quizzes found
Score Distribution
Percent of People with Each Score
Percentile by Number Answered
Your Score History
You have not taken this quiz since the last reset